000
00275nam a2200133Ia 4500
100
_a
Shebeko/L
942
_c
BK
654
_a
Welding
245
_a
Electric arc Welding Practice
260
_b
Mir Publishers
_c
2001
082
_a
671.5
300
_a
200
546
_a
ENGLISH
999
_c
24571
_d
24571